Catálogo

Psicología / (Registro nro. 63008)

Detalles MARC
000 -LEADER
fixed length control field 00666nam a2200217 a 4500
001 - CONTROL NUMBER
control field 63008
005 - DATE AND TIME OF LATEST TRANSACTION
control field 20180714065245.0
008 - FIXED-LENGTH DATA ELEMENTS--GENERAL INFORMATION
fixed length control field 150624s2010 mx a r 000 0 spa d
020 ## - INTERNATIONAL STANDARD BOOK NUMBER
International Standard Book Number 978-607-438-213-6
082 0# - DEWEY DECIMAL CLASSIFICATION NUMBER
Classification number 150
Item number GAR
100 1# - MAIN ENTRY--PERSONAL NAME
Personal name García González, Eva Laura
Relator term autor
245 10 - TITLE STATEMENT
Title Psicología /
Statement of responsibility, etc. Eva Laura García González.
250 ## - EDITION STATEMENT
Edition statement Tercera edición
264 #1 - PRODUCTION, PUBLICATION, DISTRIBUTION, MANUFACTURE, AND COPYRIGHT NOTICE
Place of production, publication, distribution, manufacture México :
Name of producer, publisher, distributor, manufacturer Grupo Editorial Patria,
Date of production, publication, distribution, manufacture, or copyright notice 2010
300 ## - PHYSICAL DESCRIPTION
Extent ix, 232 páginas :
Other physical details ilustraciones ;
Dimensions 28 cm.
336 ## - CONTENT TYPE
Content type term texto
Source rdacontent
337 ## - MEDIA TYPE
Media type term sin mediación
Source rdamedia
338 ## - CARRIER TYPE
Carrier type term volumen
Source rdacarrier
490 0# - SERIES STATEMENT
Series statement Bachiller
650 #0 - SUBJECT ADDED ENTRY--TOPICAL TERM
Topical term or geographic name entry element Psicología
Existencias
Withdrawn status Lost status Source of classification or shelving scheme Damaged status Not for loan Collection code Home library Current library Shelving location Date acquired Source of acquisition Inventory number Total Checkouts Total Renewals Full call number Barcode Date last seen Date last checked out Price effective from Koha item type
    Dewey Decimal Classification     General Biblioteca Karol Wojtyla Biblioteca Karol Wojtyla Sala general 24/06/2015 Compra 151000000000000000061187 3 2 150 GAR 2010 94185 05/01/2026 27/09/2022 09/09/2015 Libro